000 00453nmm a2200157Ia 4500
008 251105s9999||||xx |||||||||||||||||und||
041 _aspa
100 _aGrace, Carol
245 0 _aEn busca de un marido
264 _a[Madrid, España] :
_bHarlequin,
_c[Fecha de publicación no identificada]
300 _a0 páginas
490 _a'Entre la realeza'
650 _aRomance
856 _uhttps://public.digitaliapublishing.com/a/94412
942 _cCF
999 _c99283
_d99283